| 000 | 00690ntaaa2200217 4500 | ||
|---|---|---|---|
| 003 | 01 | ||
| 005 | 20251027203002.0 | ||
| 008 | 0714s1973 ag 01 | ||
| 040 |
_aAR-BaBN _bspa _cAR-BaBN _eaacr _dRIC |
||
| 082 | _a428 En3e | ||
| 100 |
_aR. de Genijovich, Ana Rosa _930846 |
||
| 245 |
_aEnglish alive / _cAna Rosa R. de Genijovich, María V. F. Barrenechea, María E. Barral de Berretta, [et al.] |
||
| 260 |
_aBuenos Aires : _bKapelusz, _c1975 |
||
| 300 | _a88 p. | ||
| 500 | _aCiclo secundario | ||
| 500 | _aBAJA PATRIMONIAL POR OBSOLESCENCIA 20180814 | ||
| 700 | _aBarrenechea, María V. F. | ||
| 700 | _aBarral de Berretta, María E. | ||
| 700 |
_a[et al.] _930849 |
||
| 942 | _cBK | ||
| 999 |
_c25273 _d25273 |
||